|
|
|
|
| LEADER |
00923nam a2200205 a 4500 |
| 001 |
GR-MES107 |
| 008 |
991111s1985 gr 000 0 gre d |
| 040 |
|
|
|a GrPaTEI
|b gre
|c GR-PaULI
|
| 245 |
0 |
0 |
|a Χρονολογικές σειρές-Δειγματοληψία.
|
| 260 |
|
|
|a Αθήνα :
|b Το Οικονομικό,
|c 1985
|
| 300 |
|
|
|a 93σελ. :
|b πιν.
|
| 504 |
|
|
|a Βιβλιογραφία: σελ.61-62
|
| 650 |
|
4 |
|a Δειγματοληψία-Τεχνικές μέθοδοι
|
| 650 |
|
4 |
|a Στατιστική- Δειγματοληψία
|
| 700 |
1 |
|
|a Τζωρτζόπουλος, Π. Θ.
|
| 710 |
0 |
|
|a Το Οικονομικό
|
| 942 |
|
|
|2 ddc
|
| 952 |
|
|
|0 0
|1 0
|2 ddc
|4 0
|6 001_422000000000000_2_ΤΖΩ
|7 0
|9 263376
|a MSLG
|b MSLG
|c BSC
|d 2021-01-17
|e 24
|f 0
|g 0.00
|l 0
|o 001.422 2 ΤΖΩ
|p 2420000002005
|r 2021-01-17 00:00:00
|t 1
|w 2021-01-17
|y BK15
|x 19991111 0 1
|x GrPaTEI
|
| 971 |
|
|
|a .b25711489
|b 16-04-20
|c 13-09-16
|
| 999 |
|
|
|c 151596
|d 151596
|